000 00485nam a2200169Ia 4500
999 _c18964
_d18964
003 OSt
005 20200622140953.0
008 190216s9999||||xx |||||||||||||| ||und||
040 _coclc
082 _a954.5602
_bSRI/S
100 _aSrivastava, A L
_93014
245 4 _aThe Sultanate Of Delhi /
_cA L Srivastava
250 _a6th Ed.
260 _bShivlal Agarwala & Com,
_c1981.
_aAgra:
300 _a370p
942 _cBK
_2ddc
_h954.5602
_iSRI/S
_k954.5602
_mSRI/S